Philippine History Test - Statistics

General Stats
  • This quiz has been taken 300 times
  • The average score is 7 of 15
Answer Stats
Question Answer % Correct
Ano ang tawag sa kasapi ng katipunan Katipunero
93%
Kailan binaril si Jose P. Rizal December 30 1896
88%
Sino ang Ama ng Katipunan Andres Bonifacio
81%
Anong nilikha ni Juan Luna Spoliarium
70%
Sino ang nagtatag ng Kartilya ng Katipunan Emilio Jacinto
56%
Ang pagpunit ng cedula ay isa sa mga mahalagang pangyayari na inuugnay sa himagsikan na tinatawag na? Sigaw sa Pugad Lawin
51%
Ano ang dalawang konseho na nakipaglaban sa mga espanyol Magdalo,Magdiwang
45%
Kelan namatay at anong ikinamatay ni Graciano Lopez Jaena January 20 1896,Tuberculosis
41%
Ano ang sagisag panulat ni Antonio Luna Taga Ilog
37%
Ano ang sagisag panulat ni Andres Bonifacio May Pag Asa
25%
Ano ang nasa hilaga ng Pilipinas Taiwan
21%
Ano ang pangalwang proseso sa pagsali sa katipunan Pagsubok ng kagitingan/Sanduguan
20%
Ano ang buong pangalan ni Jose Rizal Jose Protacio Rizal Mercado y Alonso Realonda
17%
Ano ang opisyal na pahayagan ng propaganda Kalayaan
15%
Ito ang pinakamalinaw na pangkasaysayang batayan ng teritoryo ng Pilipinas ay ang? Murillo Velarde Map
8%
No matching quizzes found
Score Distribution
Percent of People with Each Score
Percentile by Number Answered
Your Score History
You have not taken this quiz